000 00572nam a22001817a 4500
005 20251108165807.0
008 250721s1993 xx 000 0 ara d
082 1 4 _aط/211.8/عبد
100 1 _aعبد العظيم، محمد
245 1 0 _aتائب كرمته السماء :
_bكعب بن مالك /
264 1 _aطنطا :
_bدار الصحابة للتراث،
_c1993.
300 _a31ص
490 0 _aسلسلة القصص القرآني
650 1 7 _aقصص القرآن
653 _aاشئون صغار (10-14) سنة
942 _2ddc
_cBK
999 _c31474
_d31474